Types of Governments - Statistics

General Stats
  • This quiz has been taken 877 times
  • The average score is 6 of 12
Answer Stats
Hint Answer % Correct
Nobody is in control, chaos. Anarchy
85%
One supreme power, often hereditary. Monarchy
84%
"God or deity" rule, although the actual "ruler" is usually a church official. Theocracy
65%
Small family, group, etc. that rules. Oligarchy
62%
Stateless entity, follows the Marxist theory. Communism
56%
Masculine rule. Patriarchy
47%
Feminine rule. Matriarchy
45%
Government in which people vote directly. Direct Democracy
42%
Selected few rule, hereditary. Aristocracy
35%
Rule by the wealthy. Plutocracy
30%
Government by the worst. Kakistocracy
5%
Government by the words. Logocracy
4%
No matching quizzes found
Score Distribution
Percent of People with Each Score
Percentile by Number Answered
Your Score History
You have not taken this quiz